000 01097cab a2200253 4500
001 ABS39199
008 090401t1988 xxu||||| |||| 00| 0 eng d
035 _a(Sirsi) u14990
041 _aeng
100 _aWilliams, D.
245 _aResidential tenancies: recent developments parts I and II
260 _c1988
350 _a0
490 _aEstates Gazette
_v(8817) 30 April 1988 28-32
520 _aAn examination of the legislation affecting residential tenancies under the Rent Acts and the Leasehold Reform Act 1967 . Part I discusses whether the Rent Act applies to the occupation in question and how a landlord may still obtain possession of the dwelling house when the tenant`s occupation is protected. Part II looks at the problems of statutory succession and security of tenure , concluding with cases under the Leasehold Reform Act.
650 _aCASELAW
650 _aHADJILOUCAS V CREAN
650 _aPROTECTED SHORTHOLD TENANCIES
650 _aRENT ACT 1977
650 _aSTREET V MOUNTFORD
690 _aLandlord and tenant
_96252
942 _n0
948 _c04/03/1997
999 _c9788
_d9788